Countries with Luxembourgian embassies - Statistics

General Stats
  • This quiz has been taken 93 times
  • The average score is 21 of 31
Answer Stats
Continent Country % Correct
Europe France
100%
Europe Germany
99%
Europe Austria
94%
North America United States of America
94%
Asia/ Europe Russia
93%
Europe United Kingdom
93%
Europe Belgium
92%
South America Brazil
92%
Europe Spain
90%
Europe Italy
87%
Europe the Netherlands
87%
Asia/ Europe Turkey
86%
Asia China
83%
Asia Japan
83%
Europe Portugal
83%
Europe Switzerland
82%
Europe Poland
80%
Europe Greece
69%
Europe Czech Republic
68%
Asia India
59%
Africa Niger
56%
Europe Vatican City
51%
Asia United Arab Emirates
46%
Asia Thailand
39%
Africa Ethiopia
37%
North America Nicaragua
30%
Africa Senegal
20%
Africa Burkina Faso
18%
Europe Kosovo
17%
Africa Cape Verde
15%
Asia Laos
13%
No matching quizzes found
Score Distribution
Percent of People with Each Score
Percentile by Number Answered
Your Score History
You have not taken this quiz